| 000 | 00435nam a2200133Ia 4500 | ||
|---|---|---|---|
| 008 | 191129s9999 xx 000 0 und d | ||
| 020 | _a4806523176514 | ||
| 100 | _aWetherell, Kristen | ||
| 245 |
_cKristen Wetherell _aHope when it hurts: _bbiblical reflections to help you grasp God's purpose in your suffering/ |
||
| 260 |
_aManila: _bCSM Publishing _c2017 |
||
| 300 |
_a250 p. ; _c20 cm. |
||
| 650 | _aInspiration | ||
| 650 | _aReligion | ||
| 999 |
_c362793 _d362793 |
||